| 000 | 00910nam a2200253 a 4500 | ||
|---|---|---|---|
| 001 | 000025028 | ||
| 003 | DO-SdBNP | ||
| 005 | 20250625100455.0 | ||
| 008 | 110209s1958 dr r 000 0 spa d | ||
| 040 |
_aDO-SdBNP _bspa _cBNPHU |
||
| 082 | 4 |
_a923.27293 _bS211C _222 |
|
| 100 | 1 |
_aCestero - Burgos, Tulio _951361 |
|
| 245 | 1 | 0 |
_aDel cadalso volo la libertad / _cTulio Cestero - Burgos. |
| 260 |
_aCiudad Trujillo, República Dominicna : _bArte y cine, _c1958. |
||
| 300 |
_a135 p. ; _c18 cm. |
||
| 500 | _a"En torno a las actuaciones de Santana, por M. Rodríguez Objio": p. 105-114. | ||
| 500 | _a"Pedro Santana juzgado por Luperón": p. 115-131. | ||
| 504 | _aBibliografía: p. 133-134 | ||
| 590 | _aInventariado, 2018/ YL | ||
| 600 | 1 | 0 |
_aSánchez, Francisco del Rosario, _d1817-1861 _981140 |
| 600 | 1 | 0 |
_aSantana, R. Pedro _951362 |
| 910 | _aValidado. Control de calidad MFF | ||
| 942 |
_2ddc _cLBS1 |
||
| 999 |
_c24521 _d24521 |
||